The Northern Sea Route as a New Route for Maritime Transport between the Far East and Europe
Ázijské krajiny patria k najväčším producentom spotrebného tovaru na svete, ktorý sa prepravuje hlavne kontajnerovými loďami do iných častí sveta. Jednou z najrušnejších námorných obchodných ciest je trasa medzi Európou a Áziou. Cieľ príspevku je zamerať sa na súčasnú dopravnú situáciu na tejto obch...
Salvato in:
| Autore principale: | |
|---|---|
| Altri autori: | , , |
| Natura: | Capitolo di libro |
| Lingua: | inglese |
| Soggetti: | |
| Tags: |
Nessun Tag, puoi essere il primo ad aggiungerne!!
|
MARC
| LEADER | 00000naa a2200000 4500 | ||
|---|---|---|---|
| 001 | 0272653 | ||
| 005 | 20210322161702.1 | ||
| 041 | 0 | |a eng | |
| 044 | |a SK | ||
| 245 | 1 | 0 | |a The Northern Sea Route as a New Route for Maritime Transport between the Far East and Europe |c Andrej Dávid, Andrea Galieriková, Jiří Tengler, Vlatka Stupalo |
| 520 | |a Ázijské krajiny patria k najväčším producentom spotrebného tovaru na svete, ktorý sa prepravuje hlavne kontajnerovými loďami do iných častí sveta. Jednou z najrušnejších námorných obchodných ciest je trasa medzi Európou a Áziou. Cieľ príspevku je zamerať sa na súčasnú dopravnú situáciu na tejto obchodnej ceste a novú obchodnú cestu, ktorá vedie pozdĺž pobrežia Ruska. | ||
| 610 | 2 | 0 | |a doprava námorná |
| 610 | 2 | 0 | |a tranzit |
| 610 | 2 | 0 | |a cesty vodné |
| 610 | 2 | 0 | |a obchod medzinárodný |
| 610 | 2 | 0 | |a Ázia |
| 610 | 2 | 0 | |a Európa |
| 100 | 1 | |a Dávid, Andrej | |
| 700 | 1 | |a Galieriková, Andrea | |
| 700 | 1 | |a Tengler, Jiří | |
| 700 | 1 | |a Stupalo, Vlatka | |